<?xml version="1.0" encoding="UTF-8"?>
<record
    xmlns:xsi="http://www.w3.org/2001/XMLSchema-instance"
    xsi:schemaLocation="http://www.loc.gov/MARC21/slim http://www.loc.gov/standards/marcxml/schema/MARC21slim.xsd"
    xmlns="http://www.loc.gov/MARC21/slim">

  <leader>00404    a2200121   4500</leader>
  <controlfield tag="001">ART_11954</controlfield>
  <controlfield tag="005">20260410161901.0</controlfield>
  <controlfield tag="008">260409a                                 </controlfield>
  <datafield tag="245" ind1="1" ind2="0">
    <subfield code="a">A dynamic model of the interaction between the state and the private sector</subfield>
  </datafield>
  <datafield tag="100" ind1="1" ind2=" ">
    <subfield code="a">Winden, Frans van</subfield>
  </datafield>
  <datafield tag="700" ind1="1" ind2=" ">
    <subfield code="a">Van Praag, Bernard</subfield>
  </datafield>
  <datafield tag="773" ind1="0" ind2=" ">
    <subfield code="t">Journal of public economics</subfield>
    <subfield code="g">- Vol. 16, N&#xBA; 1 (ago. 1981)</subfield>
    <subfield code="w">REV11485</subfield>
  </datafield>
  <datafield tag="999" ind1=" " ind2=" ">
    <subfield code="c">25967</subfield>
    <subfield code="d">25967</subfield>
  </datafield>
</record>
